000 00798nam a2200253 i 4500
001 105681
003 ES-MaACL
005 20251004063139.0
007 t|
008 060807s1959 ag ||||1| spa d
080 _a821.134.2-2"19"
100 1 _aCasona, Alejandro,
_d1903-1965
_9171490
245 1 0 _aTeatro [vol. 3]
_b: La dama del alba ; Retablo jovial ; La tercera palabra /
_cAlejandro Casona.
260 _aBuenos Aires :
_bLosada,
_c[1959]
300 _a241 p. ;
_c21 cm.
490 1 _aGran teatro del mundo
500 _aBiblioteca Juan Andrade.
740 3 _aLa dama del alba.
740 0 _aRetablo jovial.
740 3 _aLa tercera palabra.
830 0 0 _aGran teatro del mundo (Losada)
_9184853
852 _aES-MaACL
_jAND-494
_bR.109807
999 _c105681
_d105681